[Event "DEN-ch Seniors 65+"]
[Site "Logumkloster"]
[Date "2017.02.16"]
[Round "5"]
[White "Rosenlund, Thorbjorn"]
[Black "Olesen, Poul Erik Norgaard"]
[Result "1-0"]
[WhiteElo "2264"]
[BlackElo "2030"]
[PlyCount "75"]
[EventDate "2017.02.12"]
[EventType "swiss"]
[EventRounds "7"]
[EventCountry "DEN"]
[SourceTitle "EXT 2018"]
[Source "ChessBase"]
[SourceDate "2017.10.13"]
[SourceVersion "1"]
[SourceVersionDate "2017.10.13"]
[SourceQuality "1"]

1. e4 e5 2. Nf3 d6 3. d4 exd4 4. Nxd4 g6 5. Nc3 Bg7 6. Be3 Nc6 7. Qd2 Nf6 8. f3 0-0 9. 0-0-0 Nxd4 10. Bxd4 Be6 11. g4 c5 12. Be3 Qa5 13. Bh6 Bxh6 14. Qxh6 b5 15. Bxb5 Rab8 16. Qf4 a6 17. Qxf6 axb5 18. h4 Qd8 19. Qf4 b4 20. Nd5 f6 21. g5 fxg5 22. Qxg5 Qxg5+ 23. hxg5 Bxd5 24. Rxd5 Rb6 25. e5 dxe5 26. Rxc5 Rxf3 27. Rxe5 Rb7 28. Rd1 Kf7 29. Rdd5 Rf5 30. Rxf5+ gxf5 31. Rxf5+ Ke6 32. Ra5 Kd6 33. b3 Kc6 34. Kb2 Rf7 35. a3 bxa3+ 36. Kxa3 Rg7 37. c4 Kb6 38. Rf5 1-0

[Event "DEN-ch Seniors 65+"]
[Site "Logumkloster"]
[Date "2017.02.13"]
[Round "2"]
[White "Stald, Flemming"]
[Black "Rosenlund, Thorbjorn"]
[Result "0-1"]
[WhiteElo "1945"]
[BlackElo "2264"]
[PlyCount "64"]
[EventDate "2017.02.12"]
[EventType "swiss"]
[EventRounds "7"]
[EventCountry "DEN"]
[SourceTitle "EXT 2018"]
[Source "ChessBase"]
[SourceDate "2017.10.13"]
[SourceVersion "1"]
[SourceVersionDate "2017.10.13"]
[SourceQuality "1"]

1. d4 Nf6 2. c4 c5 3. e3 e6 4. Nf3 d5 5. Nc3 a6 6. cxd5 exd5 7. dxc5 Bxc5 8. Be2 Nc6 9. 0-0 0-0 10. b3 Qd6 11. Bb2 Rd8 12. a3 Ne4 13. b4 Bb6 14. Qc2 Nxc3 15. Bxc3 Qh6 16. Bd2 Bg4 17. Rfe1 Rac8 18. Qb2 Bc7 19. g3 Qh5 20. Nd4 Bxe2 21. Nxe2 Ne5 22. Nf4 Nf3+ 23. Kf1 Bxf4 24. exf4 Qh3+ 25. Ke2 Nxe1 26. Bxe1 d4 27. Rd1 Qe6+ 28. Kf1 Qe4 29. Kg1 Rc2 30. Qb3 Qe2 31. Qd3 Qxd3 32. Rxd3 Rc1 0-1

[Event "EU-chT Seniors 15th"]
[Site "Dresden"]
[Date "2013.07.28"]
[Round "9"]
[White "Rosenlund, Thorbjorn"]
[Black "Koller, Hubert"]
[Result "1-0"]
[WhiteElo "2263"]
[BlackElo "2113"]
[PlyCount "59"]
[EventDate "2013.07.20"]
[EventType "team-swiss"]
[EventRounds "9"]
[EventCountry "GER"]
[SourceTitle "CBM 155 Extra"]
[Source "ChessBase"]
[SourceDate "2013.08.26"]
[SourceVersion "1"]
[SourceVersionDate "2013.08.26"]
[SourceQuality "1"]
[WhiteTeam "Denmark"]
[BlackTeam "Salzburg"]
[WhiteTeamCountry "DEN"]
[BlackTeamCountry "AUT"]

1. Nf3 d5 2. b3 c5 3. e3 Nc6 4. Bb2 Nf6 5. Bb5 Bd7 6. 0-0 e6 7. d3 Be7 8. Nbd2 0-0 9. Bxc6 Bxc6 10. Ne5 Nd7 11. Nxc6 bxc6 12. e4 Bf6 13. Bxf6 Qxf6 14. f4 Qd4+ 15. Kh1 f5 16. Nf3 Qf6 17. e5 Qe7 18. Qe2 h6 19. h4 Kh7 20. Rg1 Rg8 21. Ng5+ Kh8 22. Qh5 Nf8 23. g4 g6 24. Qxh6+ Nh7 25. h5 gxh5 26. gxh5 Rae8 27. Rg3 Qg7 28. Rag1 Qe7 29. Kg2 Qg7 30. Kf2 1-0

[Event "EU-chT Seniors 15th"]
[Site "Dresden"]
[Date "2013.07.27"]
[Round "8"]
[White "Rosenlund, Thorbjorn"]
[Black "Norman, Kenneth I"]
[Result "0-1"]
[WhiteElo "2263"]
[BlackElo "2172"]
[PlyCount "72"]
[EventDate "2013.07.20"]
[EventType "team-swiss"]
[EventRounds "9"]
[EventCountry "GER"]
[SourceTitle "CBM 155 Extra"]
[Source "ChessBase"]
[SourceDate "2013.08.26"]
[SourceVersion "1"]
[SourceVersionDate "2013.08.26"]
[SourceQuality "1"]
[WhiteTeam "Denmark"]
[BlackTeam "England"]
[WhiteTeamCountry "DEN"]
[BlackTeamCountry "ENG"]

1. d4 Nf6 2. c4 g6 3. Nc3 d5 4. Nf3 Bg7 5. Bg5 dxc4 6. e3 Be6 7. Ne5 Nd5 8. Nxc4 c5 9. Rc1 cxd4 10. exd4 Nc6 11. Be3 0-0 12. Qd2 Rc8 13. Ne4 Nxe3 14. fxe3 Bd5 15. Bd3 e5 16. Ned6 Bxc4 17. Nxc8 Bxd3 18. d5 Be4 19. dxc6 Qxd2+ 20. Kxd2 Rxc8 21. cxb7 Rd8+ 22. Ke2 Bxb7 23. Rc7 Ba6+ 24. Kf3 e4+ 25. Kxe4 Bxb2 26. Rxa7 Bc4 27. Kf3 Rd2 28. e4 Bd4 29. Ra8+ Kg7 30. a4 Rf2+ 31. Kg3 Rf6 32. Kh3 Be6+ 33. g4 h5 34. Kg3 Bxg4 35. Rc1 Bf2+ 36. Kg2 Bf3+ 0-1

[Event "EU-chT Seniors 15th"]
[Site "Dresden"]
[Date "2013.07.21"]
[Round "2"]
[White "Weber, Bernd"]
[Black "Rosenlund, Thorbjorn"]
[Result "0-1"]
[WhiteElo "2155"]
[BlackElo "2263"]
[PlyCount "162"]
[EventDate "2013.07.20"]
[EventType "team-swiss"]
[EventRounds "9"]
[EventCountry "GER"]
[SourceTitle "CBM 155 Extra"]
[Source "ChessBase"]
[SourceDate "2013.08.26"]
[SourceVersion "1"]
[SourceVersionDate "2013.08.26"]
[SourceQuality "1"]
[WhiteTeam "Leipzig"]
[BlackTeam "Denmark"]
[WhiteTeamCountry "GER"]
[BlackTeamCountry "DEN"]

1. d4 Nf6 2. Nf3 g6 3. c4 Bg7 4. Nc3 0-0 5. e4 c5 6. d5 d6 7. Bd3 a6 8. a4 e5 9. dxe6 fxe6 10. Bg5 Nc6 11. 0-0 b6 12. Qd2 Ra7 13. Rad1 Nd4 14. Nxd4 cxd4 15. Ne2 e5 16. Ng3 Qe8 17. Qb4 Qc6 18. Qa3 a5 19. b3 Ne8 20. Qc1 Nc7 21. f4 h6 22. f5 hxg5 23. Qxg5 Ne8 24. fxg6 Nf6 25. h4 Qb7 26. h5 Qe7 27. h6 Nd5 28. Rxf8+ Bxf8 29. Qxe7 Nxe7 30. g7 Bxg7 31. hxg7 Bg4 32. Rf1 Kxg7 33. Nf5+ Nxf5 34. exf5 Kf6 35. Kh2 Rg7 36. Rf2 Bd1 37. Rb2 Rg4 38. Kh3 e4 39. Rb1 exd3 40. Rxd1 Re4 41. Rxd3 Kxf5 42. Kg3 Ke5 43. Kf3 Re1 44. Rd2 Re3+ 45. Kf2 Rxb3 46. Re2+ Kf5 47. g4+ Kxg4 48. Re4+ Kf5 49. Rxd4 Ke5 50. Rd5+ Ke6 51. Ke2 Rb4 52. Kd3 Rxa4 53. Kc3 Rb4 54. Rh5 Kd7 55. Rg5 Kc6 56. Rh5 Rb1 57. Kc2 Re1 58. Kc3 Re5 59. Rh4 Kc5 60. Rh3 d5 61. cxd5 Kxd5 62. Kb3 Kc5 63. Rc3+ Kb5 64. Ka3 a4 65. Rh3 Ka5 66. Rh4 b5 67. Rg4 b4+ 68. Kb2 Re2+ 69. Kb1 a3 70. Rg1 Ka4 71. Rh1 Re7 72. Ka1 Rc7 73. Rg1 Rc6 74. Rh1 Rc4 75. Rg1 b3 76. Rh1 b2+ 77. Ka2 Rc1 78. Rh4+ Kb5 79. Rh5+ Kc6 80. Rh6+ Kd5 81. Rh5+ Kd4 0-1

[Event "DEN Cup"]
[Site "Taastrup"]
[Date "2001.01.21"]
[Round "1.3"]
[White "Nilssen, John Arni"]
[Black "Rosenlund, Thorbjorn"]
[Result "1-0"]
[WhiteElo "2371"]
[BlackElo "2305"]
[PlyCount "49"]
[EventDate "2001.??.??"]
[EventType "k.o."]
[EventRounds "3"]
[EventCountry "DEN"]
[SourceTitle "EXT 2002"]
[Source "ChessBase"]
[SourceDate "2001.11.25"]
[SourceVersion "1"]
[SourceVersionDate "2001.11.25"]
[SourceQuality "1"]

1. d4 d5 2. c4 e6 3. Nf3 c6 4. e3 Nf6 5. Nc3 Nbd7 6. Bd3 dxc4 7. Bxc4 b5 8. Be2 Bb7 9. e4 b4 10. e5 bxc3 11. exf6 cxb2 12. fxg7 bxa1Q 13. gxh8Q Qa5+ 14. Nd2 Qf5 15. 0-0 0-0-0 16. Nc4 Be7 17. Qg7 c5 18. Na5 Nb6 19. Nxb7 Kxb7 20. Bf3+ Kb8 21. Bf4+ Qxf4 22. Qxa1 Bd6 23. Qxh7 cxd4 24. Qc1 Qf6 25. Qc6 1-0

[Event "DEN Cup"]
[Site "Taastrup"]
[Date "2001.01.21"]
[Round "1.4"]
[White "Rosenlund, Thorbjorn"]
[Black "Nilssen, John Arni"]
[Result "0-1"]
[WhiteElo "2305"]
[BlackElo "2371"]
[PlyCount "42"]
[EventDate "2001.??.??"]
[EventType "k.o."]
[EventRounds "3"]
[EventCountry "DEN"]
[SourceTitle "EXT 2002"]
[Source "ChessBase"]
[SourceDate "2001.11.25"]
[SourceVersion "1"]
[SourceVersionDate "2001.11.25"]
[SourceQuality "1"]

1. Nf3 c5 2. b3 Nf6 3. Bb2 e6 4. e3 b6 5. d4 Bb7 6. Bd3 Be7 7. Nbd2 d5 8. Ne5 0-0 9. Qf3 Nc6 10. a3 Rc8 11. Qh3 h6 12. f4 Nxe5 13. dxe5 Ne4 14. Bxe4 dxe4 15. Rd1 Qc7 16. 0-0 Rcd8 17. Qg4 b5 18. f5 exf5 19. Qxf5 Bg5 20. Nxe4 Rxd1 21. Rxd1 Qc6 0-1

[Event "DEN-chT 9394"]
[Site "Denmark"]
[Date "1994.??.??"]
[Round "5"]
[White "Rosenlund, Thorbjorn"]
[Black "Hutters, Tomas"]
[Result "1-0"]
[WhiteElo "2295"]
[BlackElo "2445"]
[PlyCount "53"]
[EventDate "1993.11.??"]
[EventType "team-tourn"]
[EventRounds "7"]
[EventCountry "DEN"]
[SourceTitle "EXT 2000"]
[Source "ChessBase"]
[SourceDate "1999.11.16"]
[SourceVersion "1"]
[SourceVersionDate "1999.11.16"]
[SourceQuality "1"]

1. d4 Nf6 2. Nf3 g6 3. Bf4 Bg7 4. e3 0-0 5. Be2 d6 6. h3 Ne4 7. Nbd2 Nxd2 8. Qxd2 Nd7 9. e4 e5 10. Bh6 exd4 11. h4 Nf6 12. Bxg7 Kxg7 13. h5 Nxe4 14. Qxd4+ Nf6 15. 0-0-0 h6 16. hxg6 fxg6 17. Bc4 Bg4 18. Qf4 h5 19. Nd4 d5 20. f3 Bd7 21. Bd3 c5 22. Qg5 Qe8 23. Rde1 Qf7 24. Ne6+ Bxe6 25. Rxe6 c4 26. Rxh5 Rh8 27. Bxg6 1-0

[Event "DEN-chT 9394"]
[Site "Denmark"]
[Date "1993.??.??"]
[Round "3"]
[White "Rosenlund, Thorbjorn"]
[Black "Brinck Claussen, Bjorn"]
[Result "0-1"]
[WhiteElo "2295"]
[BlackElo "2385"]
[PlyCount "110"]
[EventDate "1993.11.??"]
[EventType "team-tourn"]
[EventRounds "7"]
[EventCountry "DEN"]
[SourceTitle "EXT 2000"]
[Source "ChessBase"]
[SourceDate "1999.11.16"]
[SourceVersion "1"]
[SourceVersionDate "1999.11.16"]
[SourceQuality "1"]

1. Nf3 Nf6 2. c4 b6 3. g3 Bb7 4. Bg2 c5 5. 0-0 g6 6. Nc3 Bg7 7. d4 cxd4 8. Qxd4 Nc6 9. Qf4 Rc8 10. b3 Na5 11. Ba3 d6 12. Rfd1 0-0 13. Rac1 Qd7 14. e4 Qg4 15. Qxg4 Nxg4 16. h3 Ne5 17. Nxe5 Bxe5 18. Nd5 Nc6 19. f4 Bg7 20. e5 dxe5 21. Nxe7+ Nxe7 22. Rd7 Bxg2 23. Kxg2 Nc6 24. Bxf8 Bxf8 25. fxe5 Nxe5 26. Rxa7 Rd8 27. Rc2 Bc5 28. Re2 f6 29. g4 Nd3 30. Kf3 Ne5+ 31. Kg2 g5 32. Rb7 Rd1 33. Kg3 Rd3+ 34. Kg2 Be3 35. Rc7 Bf4 36. Rb7 Rg3+ 37. Kf1 Be3 38. Rh2 Ng6 39. Ke2 Nf4+ 40. Kd1 Rg1+ 41. Kc2 Rc1+ 42. Kb2 Nd3+ 43. Ka3 Bc5+ 44. Ka4 Bd6 45. Rd2 Nc5+ 46. Kb5 Nxb7 47. Kxb6 Bf4 48. Rd7 Nd6 49. c5 Be3 50. b4 Ne4 51. Re7 Rxc5 52. Rxe4 Re5+ 53. Rxe3 Rxe3 54. a4 f5 55. gxf5 h5 0-1

[Event "Aarhus-A"]
[Site "Aarhus"]
[Date "1986.??.??"]
[Round "1"]
[White "Rosenlund, Thorbjorn"]
[Black "Schandorff, Lars"]
[Result "1-0"]
[WhiteElo "2310"]
[BlackElo "2335"]
[PlyCount "123"]
[EventDate "1986.??.??"]
[EventType "tourn"]
[EventRounds "7"]
[EventCountry "DEN"]
[EventCategory "4"]
[SourceTitle "EXT 1998"]
[Source "ChessBase"]
[SourceDate "1997.11.17"]
[SourceVersion "1"]
[SourceVersionDate "1997.11.17"]
[SourceQuality "1"]

1. e4 d5 2. exd5 Nf6 3. c4 e6 4. dxe6 Bxe6 5. Nf3 Nc6 6. Be2 Qd7 7. d4 Bg4 8. 0-0 0-0-0 9. d5 Bxf3 10. Bxf3 Ne5 11. Nc3 Nxc4 12. Qd4 Nb6 13. Bf4 Bd6 14. Bxd6 Qxd6 15. Nb5 Qd7 16. Nxa7+ Kb8 17. a4 Nbxd5 18. Nb5 Nb6 19. Qc5 Nc8 20. a5 Qe7 21. Qxe7 Nxe7 22. a6 Ned5 23. a7+ Ka8 24. Bxd5 Nxd5 25. Rfd1 c6 26. Rxd5 cxb5 27. Rxb5 Rd6 28. g3 Rhd8 29. Rba5 Rd1+ 30. Rxd1 Rxd1+ 31. Kg2 Rb1 32. Rd5 Rxb2 33. Rd7 Rb6 34. Rxf7 Rg6 35. f4 b5 36. f5 Rb6 37. Rxg7 b4 38. Re7 b3 39. Re1 Kxa7 40. g4 b2 41. Rb1 Kb7 42. f6 Rxf6 43. Rxb2+ Kc6 44. Kg3 Kd5 45. Re2 Kd6 46. Kh4 Rh6+ 47. Kg5 Rh3 48. Kf6 Rf3+ 49. Kg7 Rh3 50. Kf6 Rf3+ 51. Kg5 Rh3 52. Kf4 Kd7 53. g5 Rh4+ 54. Kg3 Ra4 55. h4 Kd6 56. Re8 Rb4 57. Rh8 Rb7 58. Kg4 Ke6 59. Kh5 Ra7 60. Kh6 Ra4 61. h5 Kf5 62. Rxh7 1-0

[Event "Time Manager Cup"]
[Site "Hillerod"]
[Date "1985.01.19"]
[Round "1"]
[White "Rosenlund, Thorbjorn"]
[Black "Fedder, Steen"]
[Result "1-0"]
[WhiteElo "2270"]
[BlackElo "2410"]
[PlyCount "73"]
[EventDate "1985.??.??"]
[EventType "tourn"]
[EventRounds "7"]
[EventCountry "DEN"]
[EventCategory "4"]
[SourceTitle "EXT 2004"]
[Source "ChessBase"]
[SourceDate "2003.11.25"]
[SourceVersion "1"]
[SourceVersionDate "2003.11.25"]
[SourceQuality "1"]

1. d4 d5 2. Nf3 Nf6 3. e3 Bg4 4. c4 dxc4 5. Bxc4 e6 6. h3 Bh5 7. 0-0 Be7 8. Nbd2 Nbd7 9. b3 0-0 10. Bb2 c5 11. dxc5 Bxc5 12. a3 Qe7 13. b4 Bd6 14. Be2 Rfd8 15. Nc4 Bc7 16. Qe1 Ne4 17. Nd4 Bg6 18. Nb5 Bb8 19. Rd1 Rc8 20. Rd4 Ndf6 21. f4 h5 22. Qh4 Qe8 23. Nbd6 Nxd6 24. Nxd6 Bxd6 25. Rxd6 Ne4 26. Rd4 Rc2 27. Bd3 Rxb2 28. Bxe4 Bxe4 29. Rxe4 Qc6 30. f5 exf5 31. Rxf5 Qc2 32. Rf2 Qd1+ 33. Kh2 Rb1 34. Qf4 Qd7 35. Rd4 Qe7 36. Qf5 Re1 37. Rd7 1-0

[Event "Copenhagen AS04 80ars Jubilee"]
[Site "Copenhagen"]
[Date "1984.01.07"]
[Round "9"]
[White "Rosenlund, Thorbjorn"]
[Black "Iskov, Gert"]
[Result "1-0"]
[WhiteElo "2265"]
[BlackElo "2370"]
[PlyCount "65"]
[EventDate "1983.12.28"]
[EventType "tourn"]
[EventRounds "9"]
[EventCountry "DEN"]
[EventCategory "7"]
[SourceTitle "MCL"]
[Source "ChessBase"]
[SourceDate "1999.07.01"]
[SourceVersion "1"]
[SourceVersionDate "1999.07.01"]
[SourceQuality "1"]

1. Nf3 d6 2. g3 e5 3. Bg2 g6 4. 0-0 Bg7 5. d3 Nf6 6. c4 0-0 7. Nc3 Nbd7 8. Rb1 a5 9. a3 c6 10. b4 axb4 11. axb4 d5 12. Bg5 d4 13. Ne4 Qc7 14. Nxf6+ Nxf6 15. b5 Bd7 16. Nd2 h6 17. Bxf6 Bxf6 18. Qb3 Rfb8 19. Ra1 Be7 20. b6 Qc8 21. Ra7 Bc5 22. Ne4 Be7 23. Rfa1 f5 24. Nd2 Kg7 25. R1a5 Bf6 26. Qb4 Rxa7 27. bxa7 Ra8 28. c5 Be6 29. Ra1 Qd7 30. Nc4 Bxc4 31. Qxc4 Bd8 32. Qb4 Qf7 33. Bxc6 1-0

[Event "Copenhagen AS04 80ars Jubilee"]
[Site "Copenhagen"]
[Date "1983.12.29"]
[Round "2"]
[White "Rosenlund, Thorbjorn"]
[Black "Jansa, Vlastimil"]
[Result "0-1"]
[WhiteElo "2255"]
[BlackElo "2495"]
[PlyCount "71"]
[EventDate "1983.12.28"]
[EventType "tourn"]
[EventRounds "9"]
[EventCountry "DEN"]
[EventCategory "7"]
[SourceTitle "MCL"]
[Source "ChessBase"]
[SourceDate "1999.07.01"]
[SourceVersion "1"]
[SourceVersionDate "1999.07.01"]
[SourceQuality "1"]

1. Nf3 g6 2. e4 Bg7 3. d4 d6 4. c3 Nf6 5. Qc2 0-0 6. Be2 Nc6 7. 0-0 Re8 8. b4 a6 9. a4 e5 10. d5 Ne7 11. Ne1 c6 12. c4 Bd7 13. Nd2 Rc8 14. Qd3 cxd5 15. cxd5 Bxa4 16. Rxa4 Rxc1 17. b5 axb5 18. Qxb5 Bh6 19. Nb3 Rc7 20. Nf3 Qd7 21. Qb4 Rb8 22. Bb5 Qd8 23. Nxe5 Nexd5 24. exd5 dxe5 25. d6 Rc2 26. d7 Nxd7 27. Qd6 Nb6 28. Qxd8+ Rxd8 29. Rh4 Rb2 30. Rxh6 Rxb3 31. Be2 e4 32. g4 Rb2 33. Bd1 Nc4 34. Rh3 Nd2 35. Re1 Rb1 36. Ree3 0-1

[Event "Copenhagen AS04 80ars Jubilee"]
[Site "Copenhagen"]
[Date "1983.12.28"]
[Round "1"]
[White "Lawton, Geoffrey W"]
[Black "Rosenlund, Thorbjorn"]
[Result "1-0"]
[WhiteElo "2380"]
[BlackElo "2255"]
[PlyCount "147"]
[EventDate "1983.12.28"]
[EventType "tourn"]
[EventRounds "9"]
[EventCountry "DEN"]
[EventCategory "7"]
[SourceTitle "MCL"]
[Source "ChessBase"]
[SourceDate "1999.07.01"]
[SourceVersion "1"]
[SourceVersionDate "1999.07.01"]
[SourceQuality "1"]

1. e4 g6 2. d4 Bg7 3. Nc3 d6 4. Nf3 a6 5. a4 b6 6. Be2 Bb7 7. 0-0 Nd7 8. Re1 e6 9. Bg5 Ne7 10. Qd2 h6 11. Be3 Nf6 12. Bd3 d5 13. exd5 Nexd5 14. Nxd5 Nxd5 15. Be4 Ra7 16. a5 b5 17. Ne5 Qh4 18. Bf3 Bxe5 19. dxe5 Nxe3 20. Rxe3 Bxf3 21. Rxf3 0-0 22. Rd1 Raa8 23. Rd3 Kg7 24. Rd4 Qe7 25. b4 Rac8 26. Rd7 Qg5 27. f4 Qf5 28. Qf2 Qe4 29. R1d4 Qf5 30. h3 h5 31. Rd3 Qe4 32. R7d4 Qf5 33. Qf3 h4 34. Qc6 Ra8 35. Rd7 Qxf4 36. Qxe6 Rae8 37. Qf6+ Qxf6 38. exf6+ Kxf6 39. Rxc7 Re2 40. c3 Re6 41. Rc5 Rfe8 42. Rf3+ Kg7 43. Rf4 Re5 44. Rxe5 Rxe5 45. Rxh4 Re1+ 46. Kf2 Rc1 47. c4 bxc4 48. Ke3 Kf6 49. Kd4 c3 50. Kd3 Ke5 51. Rc4 Rg1 52. Rg4 Rc1 53. Rg3 Kd5 54. Rg5+ Kd6 55. Rg3 Kd5 56. Rf3 f5 57. Rg3 c2 58. Rxg6 Rb1 59. Kxc2 Rxb4 60. Rxa6 Ra4 61. Kb3 Ra1 62. Kb2 Ra4 63. Ra8 Kc6 64. a6 Kb6 65. Rg8 f4 66. Rg6+ Ka7 67. Kc2 Ra3 68. h4 f3 69. gxf3 Rxf3 70. h5 Rh3 71. h6 Rh5 72. Kd3 Rh4 73. Ke3 Ra4 74. Kf3 1-0

[Event "Copenhagen Open-04 (Politiken Cup-03)"]
[Site "Copenhagen"]
[Date "1982.06.??"]
[Round "6"]
[White "Rosenlund, Thorbjorn"]
[Black "Zieher, Hartmut"]
[Result "0-1"]
[WhiteElo "2260"]
[BlackElo "2260"]
[PlyCount "72"]
[EventDate "1982.06.??"]
[EventType "swiss"]
[EventRounds "10"]
[EventCountry "DEN"]
[SourceTitle "EXT 2000"]
[Source "ChessBase"]
[SourceDate "1999.11.16"]
[SourceVersion "1"]
[SourceVersionDate "1999.11.16"]
[SourceQuality "1"]

1. d4 d5 2. Nf3 Nf6 3. c4 dxc4 4. e3 Bg4 5. Bxc4 e6 6. Nc3 a6 7. h3 Bh5 8. 0-0 Nc6 9. Qe2 Bd6 10. Rd1 0-0 11. g4 Bg6 12. e4 Bb4 13. e5 Nd5 14. Ne4 Be7 15. h4 Nb6 16. Bb3 h5 17. g5 Bxe4 18. Qxe4 g6 19. Bxe6 Kg7 20. Bb3 Na5 21. Bc2 Qd5 22. Bd2 Nc6 23. Qf4 Qe6 24. Bb3 Nd5 25. Bxd5 Qxd5 26. Bc3 Nd8 27. Nd2 Ne6 28. Qe3 Kh8 29. Ne4 Ng7 30. Ng3 Rad8 31. Rd2 Rd7 32. b3 Rfd8 33. Rad1 Kg8 34. Qd3 Ne6 35. Ne2 c5 36. dxc5 Qxd3 0-1

[Event "Copenhagen Open-04 (Politiken Cup-03)"]
[Site "Copenhagen"]
[Date "1982.06.??"]
[Round "5"]
[White "Trepp, Markus"]
[Black "Rosenlund, Thorbjorn"]
[Result "1-0"]
[WhiteElo "2210"]
[BlackElo "2260"]
[PlyCount "67"]
[EventDate "1982.06.??"]
[EventType "swiss"]
[EventRounds "10"]
[EventCountry "DEN"]
[SourceTitle "EXT 2000"]
[Source "ChessBase"]
[SourceDate "1999.11.16"]
[SourceVersion "1"]
[SourceVersionDate "1999.11.16"]
[SourceQuality "1"]

1. e4 c6 2. d4 d5 3. Nd2 dxe4 4. Nxe4 Nf6 5. Nxf6+ gxf6 6. Nf3 Bf5 7. Bd3 e6 8. 0-0 Bxd3 9. Qxd3 Qc7 10. c4 Nd7 11. d5 0-0-0 12. dxe6 fxe6 13. Qe3 e5 14. Nh4 Nc5 15. Qf3 Qf7 16. Be3 Ne6 17. Bxa7 c5 18. Qf5 Kc7 19. Nf3 Rg8 20. b4 cxb4 21. Nxe5 Qe7 22. Nf3 b6 23. a4 bxa3 24. Rfe1 Qg7 25. Bxb6+ Kxb6 26. Rxe6+ Bd6 27. Rb1+ Kc7 28. Qa5+ Kd7 29. Rxd6+ Kxd6 30. Qd5+ Ke7 31. Re1+ Kf8 32. Qxd8+ Kf7 33. Re7+ Kg6 34. Qd3+ 1-0

[Event "Copenhagen Open-04 (Politiken Cup-03)"]
[Site "Copenhagen"]
[Date "1982.06.??"]
[Round "8"]
[White "Van Mil, Johan"]
[Black "Rosenlund, Thorbjorn"]
[Result "1/2-1/2"]
[WhiteElo "2315"]
[BlackElo "2260"]
[PlyCount "99"]
[EventDate "1982.06.??"]
[EventType "swiss"]
[EventRounds "10"]
[EventCountry "DEN"]
[SourceTitle "EXT 2000"]
[Source "ChessBase"]
[SourceDate "1999.11.16"]
[SourceVersion "1"]
[SourceVersionDate "1999.11.16"]
[SourceQuality "1"]

1. e4 c5 2. Nf3 e6 3. d4 cxd4 4. Nxd4 Nf6 5. Nc3 Nc6 6. a3 d6 7. Be3 Bd7 8. f4 Be7 9. Bd3 0-0 10. 0-0 e5 11. fxe5 Ng4 12. Nxc6 bxc6 13. Qe2 Nxe5 14. Bd4 Bf6 15. Kh1 Rb8 16. Nd1 c5 17. Bc3 c4 18. Bxc4 Bg4 19. Qe1 Bh4 20. g3 Nxc4 21. gxh4 Qe7 22. Rf4 Bd7 23. Qg3 f5 24. exf5 Rxf5 25. Nf2 Ne5 26. Rxf5 Bxf5 27. Re1 Qb7+ 28. Qg2 Nf3 29. Re3 Nxh4 30. Qxb7 Rxb7 31. Nd3 Kf7 32. Kg1 g6 33. Be1 Bxd3 34. Rxd3 Nf5 35. b3 Ke6 36. Rc3 Kd5 37. Bf2 Re7 38. Kf1 h5 39. Rc4 Ne3+ 40. Bxe3 Rxe3 41. Rc7 Rh3 42. Kg2 Re3 43. Rxa7 Re2+ 44. Kg3 Rxc2 45. b4 g5 46. Ra5+ Kc4 47. Rxg5 Rc3+ 48. Kh4 Rxa3 49. b5 Rb3 50. Rxh5 1/2-1/2

[Event "Copenhagen Open-03 (Politiken Cup-02)"]
[Site "Copenhagen"]
[Date "1981.06.27"]
[Round "7"]
[White "Jensen, Vagn"]
[Black "Rosenlund, Thorbjorn"]
[Result "1/2-1/2"]
[WhiteElo "2235"]
[BlackElo "2305"]
[PlyCount "72"]
[EventDate "1981.06.20"]
[EventType "swiss"]
[EventRounds "10"]
[EventCountry "DEN"]
[SourceTitle "EXT 2000"]
[Source "ChessBase"]
[SourceDate "1999.11.16"]
[SourceVersion "1"]
[SourceVersionDate "1999.11.16"]
[SourceQuality "1"]

1. e4 c6 2. d4 d5 3. exd5 cxd5 4. c4 Nf6 5. Nc3 e6 6. Nf3 Be7 7. cxd5 Nxd5 8. Bd3 0-0 9. 0-0 Nc6 10. a3 Bf6 11. Re1 Nxc3 12. bxc3 b6 13. h4 Bb7 14. Qc2 h6 15. Bd2 Rc8 16. Qd1 Na5 17. Ng5 Nc4 18. Bf4 e5 19. dxe5 hxg5 20. exf6 Qd5 21. Qg4 Qxd3 22. Re7 Qxc3 23. Rc1 Qxf6 24. Bxg5 Ne3 25. Qxc8 Bxc8 26. Bxf6 Nd5 27. Bg5 Nxe7 28. Bxe7 Re8 29. Bd6 Bf5 30. Rc7 Re1+ 31. Kh2 Rd1 32. Be7 a5 33. Rb7 Rb1 34. Bd8 Rb3 35. Rxb6 Rxa3 36. Rb5 Bd7 1/2-1/2

[Event "Copenhagen Open-03 (Politiken Cup-02)"]
[Site "Copenhagen"]
[Date "1981.06.21"]
[Round "2"]
[White "Kirov, Nino"]
[Black "Rosenlund, Thorbjorn"]
[Result "1-0"]
[WhiteElo "2475"]
[BlackElo "2305"]
[PlyCount "77"]
[EventDate "1981.06.20"]
[EventType "swiss"]
[EventRounds "10"]
[EventCountry "DEN"]
[SourceTitle "EXT 2000"]
[Source "ChessBase"]
[SourceDate "1999.11.16"]
[SourceVersion "1"]
[SourceVersionDate "1999.11.16"]
[SourceQuality "1"]

1. Nf3 d5 2. g3 Nf6 3. Bg2 c6 4. c4 e6 5. b3 Be7 6. 0-0 0-0 7. d4 b5 8. c5 Ne4 9. Qc2 Nd7 10. Bb2 f5 11. Nbd2 a5 12. a3 h5 13. Nxe4 fxe4 14. Ne5 Nxe5 15. dxe5 Bd7 16. f3 Be8 17. b4 a4 18. fxe4 Bg6 19. Rxf8+ Bxf8 20. Rd1 Qe8 21. Bc1 Be7 22. Qa2 Kh8 23. exd5 exd5 24. Bh3 Be4 25. Qd2 Qg6 26. Rf1 h4 27. Qf4 Rf8 28. Qg4 Rxf1+ 29. Kxf1 hxg3 30. Qxg6 Bxg6 31. hxg3 Be8 32. Kf2 Kg8 33. Be6+ Kf8 34. Kf3 Bh5+ 35. g4 Bf7 36. Bf5 g6 37. Bd7 Be8 38. Bh6+ Kf7 39. e6+ 1-0

[Event "Copenhagen Open-03 (Politiken Cup-02)"]
[Site "Copenhagen"]
[Date "1981.06.20"]
[Round "1"]
[White "Rosenlund, Thorbjorn"]
[Black "Radulov, Ivan"]
[Result "1/2-1/2"]
[WhiteElo "2305"]
[BlackElo "2450"]
[PlyCount "117"]
[EventDate "1981.06.20"]
[EventType "swiss"]
[EventRounds "10"]
[EventCountry "DEN"]
[SourceTitle "EXT 2000"]
[Source "ChessBase"]
[SourceDate "1999.11.16"]
[SourceVersion "1"]
[SourceVersionDate "1999.11.16"]
[SourceQuality "1"]

1. Nf3 d5 2. d4 Nf6 3. c4 dxc4 4. e3 e6 5. Bxc4 c5 6. 0-0 a6 7. a3 Qc7 8. dxc5 Bxc5 9. Nbd2 b5 10. Bd3 Bb7 11. b4 Bd6 12. Bb2 Nbd7 13. Rc1 Qb8 14. e4 0-0 15. Qe2 Ng4 16. h3 Nge5 17. Bb1 Rc8 18. Rxc8+ Qxc8 19. Rc1 Qd8 20. Nxe5 Bxe5 21. Nb3 Bxb2 22. Qxb2 Rc8 23. Rd1 Qc7 24. Qd4 Bc6 25. Na5 e5 26. Qd3 Nf6 27. Rc1 Qd7 28. Nxc6 Rxc6 29. Rxc6 Qxc6 30. Qd8+ Ne8 31. Qe7 Qe6 32. Qxe6 fxe6 33. f3 Kf7 34. Kf2 Kf6 35. Ke3 g5 36. Ba2 h5 37. g3 h4 38. gxh4 gxh4 39. Bb1 Nd6 40. Bd3 Kg5 41. Be2 Nc8 42. Bd1 Ne7 43. a4 Nc6 44. axb5 axb5 45. Be2 Nxb4 46. Bxb5 Nc2+ 47. Kf2 Kf4 48. Be8 Nb4 49. Bf7 Nd3+ 50. Ke2 Nc5 51. Kf2 Nd3+ 52. Ke2 Nc5 53. Kf2 Kg5 54. Ke3 Kf6 55. Bh5 Nb7 56. f4 Nd6 57. Be2 Nf7 58. Kf3 Nh6 59. Bc4 1/2-1/2